Encyclopedia of the Age of Political Revolutions and New Ideologies, 1760-1815 (Record no. 1846966)

MARC details
000 -LEADER
fixed length control field 00628nam a2200265Ia 4500
005 - DATE AND TIME OF LATEST TRANSACTION
control field 20260401122405.0
008 - FIXED-LENGTH DATA ELEMENTS--GENERAL INFORMATION
fixed length control field 008 250103s9999 xx 000 0 eng d
037 ## - SOURCE OF ACQUISITION
Stock number TB
040 ## - CATALOGING SOURCE
Original cataloging agency EDL
040 ## - CATALOGING SOURCE
Language of cataloging eng
040 ## - CATALOGING SOURCE
Transcribing agency EDL
041 ## - LANGUAGE CODE
Source of code eng
041 ## - LANGUAGE CODE
Language code of text/sound track or separate title eng
084 ## - COLON CLASSIFICATION NUMBER
Classification number 909.703 FRE RR
084 ## - COLON CLASSIFICATION NUMBER
Assigning agency EDL
245 #0 - TITLE STATEMENT
Title Encyclopedia of the Age of Political Revolutions and New Ideologies, 1760-1815
260 ## - PUBLICATION, DISTRIBUTION, ETC.
Place of publication, distribution, etc. Westport
260 ## - PUBLICATION, DISTRIBUTION, ETC.
Name of publisher, distributor, etc. Greenwood Press
260 ## - PUBLICATION, DISTRIBUTION, ETC.
Date of publication, distribution, etc. 2007
300 ## - PHYSICAL DESCRIPTION
Extent 867p
942 ## - ADDED ENTRY ELEMENTS (KOHA)
Koha item type Textbook
942 ## - ADDED ENTRY ELEMENTS (KOHA)
Classification part 909.703 FRE RR
Holdings
Withdrawn status Lost status Damaged status Not for loan Home library Current library Date acquired Total Checkouts Full call number Barcode Date last seen Price effective from Koha item type
        Department of English Library Department of English Library 2026-04-01   909.703 FRE RR EL2152336 2026-04-01 2026-04-01 Textbook
Copyright @ Delhi University Library System